000 00509nam a2200181 a 4500
001 000034026
005 20200930070719.0
008 110921s1998 es 000 0 spa d
020 _a8495272008
040 _aDO-SdBNP
_bspa
_cBNPHU
100 1 _aGutterman, Andrea
_959473
245 1 0 _aMejore su salud con el agua /
_cAndrea Gutterman.
260 _aBarcelona :
_bFapa Ediciones,
_c1998.
300 _a63 p. ;
_c23 cm.
490 1 _aSalud y naturismo
830 0 _aSalud y naturismo
_926248
049 _aBNPD
999 _c33517
_d33517